|
|
|
|
| LEADER |
00000nam0a2200000 4500 |
| 001 |
37990 |
| 005 |
20231031004806.0 |
| 035 |
|
|
|a (RuTPU)RU\TPU\book\38602
|
| 090 |
|
|
|a 37990
|
| 100 |
|
|
|a 20020213d1981 m y0rusy50 ca
|
| 101 |
0 |
|
|a rus
|
| 102 |
|
|
|a RU
|
| 105 |
|
|
|a a j 000zy
|
| 200 |
1 |
|
|a Физика и расчет реактора
|e учебное пособие
|f И. Х. Ганев
|g Под ред. Н. А. Доллежаля
|
| 210 |
|
|
|a Москва
|c Энергоатомиздат
|d 1981
|
| 215 |
|
|
|a 368 с.
|c ил.
|
| 320 |
|
|
|a Библиогр.: с. 360.
|
| 320 |
|
|
|a Алф.- предм. указ.: с. 364-366.
|
| 610 |
1 |
|
|a ядерные реакторы
|
| 610 |
1 |
|
|a физика
|
| 610 |
1 |
|
|a расчет
|
| 675 |
|
|
|a 621.039.51(07)
|v 3
|
| 700 |
|
1 |
|a Ганев
|b И. Х.
|g Игорь Христофорыч
|
| 702 |
|
1 |
|a Доллежаль
|b Н. А.
|4 340
|
| 801 |
|
1 |
|a RU
|b 63413507
|c 20020213
|g PSBO
|
| 801 |
|
2 |
|a RU
|b 63413507
|c 20091207
|g PSBO
|
| 900 |
|
|
|a Реакторы и парогенераторы АЭС
|
| 900 |
|
|
|a Основы физической теории ядерных установок
|
| 900 |
|
|
|a Динамика и безопасность ядерно-энергетических установок
|
| 900 |
|
|
|a Физическая теория реакторов
|
| 900 |
|
|
|a Теория переноса нейтронов
|
| 900 |
|
|
|a Безопасность эксплуатации ядерных энергетических установок
|
| 942 |
|
|
|c BK
|